000 00682nam a2200193 i 4500
001 23230
003 ES-MaACL
005 20251014063052.0
007 t|
008 021209s1899 sp ||||1| spa d
100 1 _aAlzola y Minondo, Pablo de,
_d1841-1912
_921064
245 1 4 _aLas obras públicas en España
_b: estudio histórico /
_cpor Pablo de Alzola y Minondo.
260 _aBilbao :
_b[s.n.,
_c1899] (
_fImp. de la Casa de Misericordia)
300 _a597 p. ;
_c25 cm.
490 1 _aBiblioteca de la Revista de Obras Públicas
830 0 _aBiblioteca de la Revista de Obras Públicas
_9184469
852 _aES-MaACL
_jC-6506
_bR.216
999 _c23230
_d23230